Introducción a la sociología: conceptos básicos y aplicaciones

Sparad:
Bibliografiska uppgifter
Huvudupphovsman: Chinoy, Ely (Författare, medförfattare)
Materialtyp: Bok
Språk:spanska
Publicerad: Buenos Aires Paidós 1972
Serie:Biblioteca del Hombre Contemporáneo, 54
Ämnen:
Taggar: Lägg till en tagg
Inga taggar, Lägg till första taggen!

MARC

LEADER 00000nam a2200000 a 4500
001 UCR6518
003 CL-VaPUC
008 980423e19720000AG |||||||||||||||||spa|d
082 0 4 |a 301  |b CHI  |2 21 
100 0 |a Chinoy, Ely  |e author  |9 407605 
245 1 0 |a Introducción a la sociología: conceptos básicos y aplicaciones 
300 |a 116 p 
942 |c BK 
945 |d 19980423 00:00:00  |a lriquelm 
260 |a Buenos Aires  |b Paidós  |c 1972 
650 0 |a Sociología   |9 255410 
650 0 |a Cultura  |9 269059 
650 0 |a Sociedad  |9 307903 
650 0 |a Grupos sociales  |9 268887 
650 7 |a INDIVIDUO  |2 CL-VaPUC  |9 334576 
650 0 |a Cambio social   |9 256857 
650 7 |a ESTRUCTURA SOCIAL  |2 CL-VaPUC  |9 407606 
650 0 |a Ciencias sociales   |9 256351 
650 7 |a HOMBRE  |2 CL-VaPUC  |9 262149 
583 |a last modification  |c 19980423 00:00:00  |k Rodrigo Vera 
490 0 |a Biblioteca del Hombre Contemporáneo, 54 
999 |c 268599  |d 268597 
952 |0 0  |1 0  |4 0  |6 301_000000000000000_CHI_1972  |7 0  |8 P  |9 301811  |a BIBGIM  |b BIBGIM  |d 2019-11-20  |i 2737833  |o 301 CHI 1972  |p 2737833  |r 2025-01-15  |w 2019-11-20  |y BK  |k SSL